Heat and mass transfer (Record no. 5861)

000 -LEADER
fixed length control field 00529nam a2200205 4500
001 - CONTROL NUMBER
control field 5861
003 - CONTROL NUMBER IDENTIFIER
control field BD-DhUET
008 - FIXED-LENGTH DATA ELEMENTS--GENERAL INFORMATION
fixed length control field 700409m19679999is a b 000 0 eng
040 ## - CATALOGING SOURCE
Original cataloging agency DLC
Transcribing agency DLC
Modifying agency BD-DhUET
082 00 - DEWEY DECIMAL CLASSIFICATION NUMBER
Classification number 621.011
Item number ECK/1959
100 ## - MAIN ENTRY--PERSONAL NAME
Personal name Eckert, R. R. G.
245 00 - TITLE STATEMENT
Title Heat and mass transfer
250 ## - EDITION STATEMENT
Edition statement 2nd ed.
260 ## - PUBLICATION, DISTRIBUTION, ETC. (IMPRINT)
Place of publication, distribution, etc. New York
Name of publisher, distributor, etc. McGraw-Hill
Date of publication, distribution, etc. 1959
300 ## - PHYSICAL DESCRIPTION
Extent xiv, 530p.
490 1# - SERIES STATEMENT
Series statement McGraw-Hill series in mechanical engineering
650 #0 - SUBJECT ADDED ENTRY--TOPICAL TERM
Topical term or geographic name as entry element Heat-Transmission
700 ## - ADDED ENTRY--PERSONAL NAME
Personal name Drake, Robert M.
942 ## - ADDED ENTRY ELEMENTS (KOHA)
Koha item type General Book
Holdings
Copy number Date acquired Lost status Koha issues (times borrowed) Koha date last seen Damaged status Koha full call number Price effective from Not for loan Koha date last borrowed Koha item type Sublocation or collection (holding branch) Koha normalized classification for sorting Piece designation (barcode) Shelving location Withdrawn status Location (home branch) Source of classification or shelving scheme
 2014-11-29  2014-11-29 621.011/ECK/19592014-11-29  General BookCentral Library, BUET621_011000000000000_ECK_195936668Circulation section Central Library, BUET 
22014-12-03  2014-12-03 621.011/ECK/19592014-12-03  General BookCentral Library, BUET621_000000000000000_011ECK195914884Circulation section Central Library, BUET 
32015-04-12  2015-04-12 621.011/ECK/19592015-04-12  General BookCentral Library, BUET621_011000000000000_ECK_195911302Circulation section Central Library, BUET 
42015-04-12  2015-04-12 621.011/ECK/19592015-04-12  General BookCentral Library, BUET621_011000000000000_ECK_195931276Circulation section Central Library, BUET 
52015-04-12  2015-04-12 621.011/ECK/19592015-04-12  General BookCentral Library, BUET621_011000000000000_ECK_195931274Circulation section Central Library, BUET 
62015-04-12  2015-04-12 621.011/ECK/19592015-04-12  General BookCentral Library, BUET621_011000000000000_ECK_195931271Circulation section Central Library, BUET 
72015-04-12  2015-04-12 621.011/ECK/19592015-04-12  General BookCentral Library, BUET621_011000000000000_ECK_195931272Circulation section Central Library, BUET 
82015-04-13 12021-11-28 621.011/ECK/19592015-04-13 2020-03-02General BookCentral Library, BUET621_011000000000000_ECK_195931277Circulation section Central Library, BUET 
92015-04-13  2015-04-13 621.011/ECK/19592015-04-13  General BookCentral Library, BUET621_011000000000000_ECK_195911301Circulation section Central Library, BUET 
102015-04-13  2015-04-13 621.011/ECK/19592015-04-13  General BookCentral Library, BUET621_011000000000000_ECK_195911303Circulation section Central Library, BUET 
112015-04-13  2015-04-13 621.011/ECK/19592015-04-13  General BookCentral Library, BUET621_011000000000000_ECK_195924625Circulation section Central Library, BUET 
122015-04-13  2015-04-13 621.011/ECK/19592015-04-13  General BookCentral Library, BUET621_011000000000000_ECK_19597652Circulation section Central Library, BUET 
132015-04-13  2015-04-13 621.011/ECK/19592015-04-13  General BookCentral Library, BUET621_011000000000000_ECK_195924320Circulation section Central Library, BUET 
142015-04-13  2015-04-13 621.011/ECK/19592015-04-13  General BookCentral Library, BUET621_011000000000000_ECK_195924976Circulation section Central Library, BUET 
152015-04-13  2015-04-13 621.011/ECK/19592015-04-13  General BookCentral Library, BUET621_011000000000000_ECK_195931275Circulation section Central Library, BUET 
162015-06-16  2015-06-16 621.011/ECK/19592015-06-16  General BookCentral Library, BUET621_011000000000000_ECK_19597655Reading section Central Library, BUET